000 00601nam a2200229Ia 4500
003 OSt
005 20220918192042.0
006 a|||||r|||| 00| 0
007 ta
008 220917b |||||||| |||| 00| 0 eng d
024 _a66,736
037 _cTextual
040 _aARTS
_cARTS
_beng
041 _2eng
_aeng
082 _aR3xK85:g, L5
100 _aBroad C D
_942418
245 0 _aBerkeley's argument about material substance
260 _aNew York
_bHaspell House
_c1975
300 _a20p.
_ccm.
942 _hR3xK85:g, L5
_cTEXL
_2CC
999 _c192969
_d192969